000 00420nam a2200169Ia 4500
003 OSt
005 20240215103227.0
008 170619s9999 xx 000 0 und d
020 _a9788129702586
040 _cIIMT ENGINEERING COLLEGE
100 _aArnold- Tony J. R.
245 0 _aIntroduction to materials management
260 _bSingapore Pearson Pub.
260 _c2005
546 _aENGLISH
942 _2ddc
_c02
999 _c21933
_d21933